000 00647nam a2200205Ii 4500
003 JO-AjNU
008 230605s9999||||xx |||||||||||||| ||und||
040 _aJO-AjNU
_bara
_erda
_cJO-AjNU
041 _aara
050 1 4 _aPJ7541.E54.N37 1993
100 3 _aإعداد ناصيف،إميل,
_eauthor
_911116
245 0 0 _aأروع ما قيل في الفخر والحماسة
250 _aط1
264 3 1 _aبيروت: دار الجيل، 1992
300 _a144ص
336 _atext
_btxt
_2rdacontent
337 _aunmediated
_bn
_2rdamedia
338 _avolume
_bnc
_2rdacarrier
650 4 _aالأدب العربي - فخر - حماسة
_911117
999 _aA2157
_c5725
_d5725